Normal view
MARC view
- Colima
Entry Nombre Geográfico
001 - NÚMERO DE CONTROL
- campo de control: 9905
003 - IDENTIFICADOR DE NUMERO DE CONTROL
- campo de control: UPN
005 - FECHA Y HORA DE LA ÜLTIMA TRANSACCIÓN
- campo de control: 20230508202715.0
008 - DATOS DE LONGITUD FIJA
- campo de control de longitud fija: 230508nn fcznnbaba n aaa |d
035 ## - NÚMERO DE CONTROL
- Número de control: UPN10000009912
040 ## - FUENTE DE CATALOGACIÓN
- Lenguaje de catalogación: spa
- Agencia de catalogación original: MX-MxUPN
151 ## - ENCABEZAMIENTO - NOMBRE GEOGRÁFICO
- Nombre geográfico: Colima
- Subdivisión general : Descripción y viajes
670 ## - FUENTE EN LA QUE SE LOCALIZARON DATOS
- Cita de la fuente: Escamilla González, G. Lista de encabezamientos de materia, 1978:
- Información localizada: página 181 (Colima -- Descripción y viajes)
902 ## - CATALOGADOR
- Catalogador: MMA/170595
- Catalogador: VíctorGodínez/080523
